Sčítanie ľudu, domov a bytov 1.11.1980 byty a ich obyvateľnosť podľa druhu domácnosti a počtu osôb SSR

Guardado en:
Detalles Bibliográficos
Formato: Libro
Lenguaje:eslovaco
Publicado: Bratislava Federálny štatistický úrad 1982
Etiquetas: Agregar Etiqueta
Sin Etiquetas, Sea el primero en etiquetar este registro!

MARC

LEADER 00000nam a2200000 4500
001 c131224
005 20041019155251.7
041 0 |a slo 
044 |a SK 
245 1 0 |a Sčítanie ľudu, domov a bytov 1.11.1980  |b byty a ich obyvateľnosť podľa druhu domácnosti a počtu osôb SSR 
264 1 |a Bratislava  |b Federálny štatistický úrad  |c 1982 
300 |a 331 s.